[Event "1. Open"]
[Site "?"]
[Date "2004.05.07"]
[Round "1"]
[White "Cokan Mirko"]
[Black "Korneev Oleg"]
[Result "0-1"]
[WhiteElo "2003"]
[BlackElo "2573"]
[PlyCount "44"]
[EventDate "2004.??.??"]
[Source "www.chesslib.no"]
[SourceDate "2004.05.04"]

1. e4 e5 2. Bc4 Nf6 3. d4 exd4 4. e5 d5 5. Bb3 Ne4 6. Nf3 Bc5 7. O-O Bg4 8. Bf4 g5 9. Bg3 Nc6 10. c4 dxc4 11. Bxc4 Qd7 12. Re1 Nxg3 13. hxg3 O-O-O 14. a3 h5 15. b4 Bb6 16. Qb3 d3 17. Nbd2 Nd4 18. Nxd4 Qxd4 19. Rf1 h4 20. gxh4 Rxh4 21. g3 Rh3 22. Qxd3 Rdh8 0-1

[Event "Copenhagen Obro Open"]
[Site "Copenhagen DEN"]
[Date "1989.??.??"]
[Round "7"]
[White "Pilgaard, Kim"]
[Black "Christensen, Tobias"]
[Result "1/2-1/2"]
[WhiteElo "2270"]
[BlackElo "2305"]
[PlyCount "108"]
[EventDate "1989.??.??"]
[Source "www.chesslib.no"]
[SourceDate "2004.05.04"]

1. e4 e5 2. Bc4 Nf6 3. d4 exd4 4. Nf3 Nxe4 5. Qxd4 Nf6 6. Bg5 Nc6 7. Qh4 d5 8. Bd3 Bb4+ 9. c3 Qe7+ 10. Be2 Bd6 11. O-O Ne5 12. Nxe5 Qxe5 13. Nd2 O-O 14. Bd3 h6 15. Bxf6 Qxf6 16. Qxf6 gxf6 17. Rfe1 Bg4 18. Nf1 Bh5 19. Ne3 Bg6 20. Rad1 Rfe8 21. Nf5 Bf8 22. Kf1 Re5 23. g4 h5 24. h3 Rae8 25. f4 R5e6 26. Be2 Re4 27. Bf3 Rxe1+ 28. Rxe1 Rxe1+ 29. Kxe1 c6 30. Ke2 a5 31. Kd2 Bc5 32. a3 a4 33. Bd1 hxg4 34. hxg4 Bxf5 35. gxf5 b5 36. Bh5 Kf8 37. Kd3 Ke7 38. Kd2 Ke8 39. Kd3 Ke7 40. Kd2 Bg1 41. Bd1 Kd6 42. Bh5 Ke7 43. Bd1 c5 44. Be2 c4 45. Bf3 Kd6 46. Bh5 d4 47. Bxf7 Be3+ 48. Kc2 d3+ 49. Kd1 Bxf4 50. Be8 Kc5 51. Bd7 Be5 52. Be8 Kb6 53. Kd2 Ka6 54. Bc6 Kb6 1/2-1/2

[Event "WC.1999.F.00001"]
[Site "?"]
[Date "1999.??.??"]
[Round "?"]
[White "Burkett Max"]
[Black "Mascioni Vania D"]
[Result "0-1"]
[WhiteElo "2245"]
[BlackElo "2320"]
[PlyCount "86"]
[EventDate "1999.??.??"]
[Source "www.chesslib.no"]
[SourceDate "2004.05.04"]

1. e4 e5 2. Bc4 Nf6 3. d4 exd4 4. Nf3 Nxe4 5. Qxd4 Nf6 6. Nc3 c6 7. Bg5 d5 8. O-O-O Be7 9. Rhe1 Be6 10. Bd3 Nbd7 11. Qh4 Nc5 12. Nd4 Ng8 13. f4 Bxg5 14. fxg5 Ne7 15. Nxe6 Nxe6 16. g6 Nxg6 17. Rxe6+ fxe6 18. Bxg6+ Kd7 19. Qg4 Qe7 20. Be4 h5 21. Qg3 Qf6 22. Bf3 h4 23. Qg4 Kc7 24. Na4 b6 25. c4 Raf8 26. cxd5 exd5 27. Re1 Qf4+ 28. Qxf4+ Rxf4 29. Nc3 Kd6 30. h3 a5 31. Re2 Rhf8 32. Nd1 b5 33. Nc3 b4 34. Na4 Rd4 35. b3 c5 36. Nb6 g5 37. Rd2 Rxd2 38. Kxd2 Rf4 39. Nc8+ Ke5 40. Ke3 c4 41. bxc4 dxc4 42. Na7 b3 43. axb3 cxb3 0-1

[Event "Porto San Giorgio"]
[Site "?"]
[Date "2006.08.22"]
[Round "2"]
[White "Trent Lawrence"]
[Black "Rinaudo Sergio"]
[Result "1-0"]
[WhiteElo "2434"]
[BlackElo "2122"]
[PlyCount "53"]
[EventDate "2006.??.??"]
[Source "www.chesslib.no"]
[SourceDate "2004.05.04"]

1. e4 e5 2. Bc4 Nf6 3. d4 exd4 4. Nf3 d5 5. exd5 Bb4+ 6. c3 Qe7+ 7. Be2 dxc3 8. bxc3 Bc5 9. O-O O-O 10. c4 Bg4 11. Nc3 Na6 12. Bb2 Rad8 13. Qd2 Rfe8 14. Rfe1 Qd6 15. Rab1 Qb6 16. Rf1 Qa5 17. Rbd1 Qb4 18. Ba1 Ne4 19. Nxe4 Rxe4 20. Qg5 f6 21. Bxf6 Rd7 22. Bd3 Bxf3 23. gxf3 Re8 24. Qf5 gxf6 25. Qxd7 Re7 26. Qc8+ Kg7 27. Kh1 1-0

[Event "Olympiades Calvia (36eme)"]
[Site "?"]
[Date "2004.10.17"]
[Round "3.46"]
[White "Rohl Juan"]
[Black "Albadri Abd Al Sattar"]
[Result "1-0"]
[WhiteElo "2401"]
[BlackElo "2142"]
[PlyCount "35"]
[EventDate "2004.??.??"]
[Source "www.chesslib.no"]
[SourceDate "2004.05.04"]

1. e4 e5 2. Bc4 Nf6 3. d4 Nxe4 4. dxe5 Nc5 5. Nf3 Be7 6. O-O O-O 7. Bf4 Nc6 8. Nc3 Na5 9. Be2 Ne6 10. Bg3 f5 11. exf6 Bxf6 12. Qd2 b6 13. Rad1 Kh8 14. Rfe1 Ng5 15. Nd5 Nxf3+ 16. Bxf3 Bg5 17. Qc3 c6 18. Bc7 1-0

[Event "Oktjabrsky (Russia)"]
[Site "?"]
[Date "2004.11.??"]
[Round "8"]
[White "Sharafiev Azat"]
[Black "Mingachev Mansur"]
[Result "1-0"]
[WhiteElo "2252"]
[BlackElo "2291"]
[PlyCount "35"]
[EventDate "2004.??.??"]
[Source "www.chesslib.no"]
[SourceDate "2004.05.04"]

1. e4 e5 2. Bc4 Nf6 3. d4 exd4 4. Nf3 d5 5. exd5 Nxd5 6. O-O Nc6 7. Ng5 Be6 8. Re1 Be7 9. Rxe6 fxe6 10. Nxe6 Qd6 11. Bxd5 Bf6 12. Na3 Ke7 13. c4 a6 14. Bf4 Ne5 15. Nxd4 g6 16. Qe2 c6 17. Nf3 cxd5 18. Nxe5 1-0

[Event "Polanica Zdroj op"]
[Site "Polanica Zdroj"]
[Date "1996.??.??"]
[Round "1"]
[White "Labuckas, Aidas"]
[Black "Sebastianiuk, Cezary"]
[Result "1/2-1/2"]
[WhiteElo "2395"]
[BlackElo "2135"]
[PlyCount "139"]
[EventDate "1996.??.??"]
[Source "www.chesslib.no"]
[SourceDate "2004.05.04"]

1. e4 e5 2. Bc4 Nf6 3. d4 exd4 4. Nf3 Bb4+ 5. c3 d5 6. exd5 Qe7+ 7. Be2 dxc3 8. bxc3 Bd6 9. O-O O-O 10. c4 Nbd7 11. Bb2 Ne5 12. Nbd2 Re8 13. Re1 Nxf3+ 14. Bxf3 Qxe1+ 15. Qxe1 Rxe1+ 16. Rxe1 Bf5 17. Nb3 Nd7 18. Re3 Bb1 19. a3 Ba2 20. Bg4 Bxb3 21. Rxb3 Nc5 22. Re3 f6 23. g3 Kf8 24. Bf5 Kf7 25. Bc2 g6 26. g4 Nd7 27. Ba4 Nc5 28. Bd1 Nd7 29. Rh3 Kg8 30. Kf1 Ne5 31. g5 Nxc4 32. Bxf6 Nd2+ 33. Kg2 Ne4 34. Bb2 Rf8 35. Bd4 Nxg5 36. Rb3 b6 37. h4 Ne4 38. Bg4 h5 39. Be6+ Kh7 40. Rf3 Rxf3 41. Kxf3 Nd2+ 42. Ke2 Nb3 43. Bb2 Nc5 44. Bf7 Be7 45. Be5 Bd8 46. f4 Nd7 47. Bd4 Bxh4 48. f5 Nf8 49. Be8 Be7 50. a4 h4 51. f6 Bd6 52. Kf3 h3 53. Be3 h2 54. Kg2 Be5 55. Bg5 Kg8 56. Bh4 Nh7 57. Bxg6 Nxf6 58. Bxf6 Bxf6 59. Kxh2 Kf8 60. Kg2 Ke7 61. Kf3 Kd6 62. Ke4 Kc5 63. Be8 a6 64. Bc6 Kc4 65. Bb7 Kb4 66. Bc6 b5 67. axb5 a5 68. d6 cxd6 69. b6 Bd8 70. Kd5 1/2-1/2

[Event "SVK-ch"]
[Site "Prievidza"]
[Date "1998.07.05"]
[Round "9.19"]
[White "Kopnicky, Vladimir"]
[Black "Gazik, Igor"]
[Result "0-1"]
[WhiteElo "2146"]
[BlackElo "2380"]
[PlyCount "106"]
[EventDate "1998.06.27"]
[Source "www.chesslib.no"]
[SourceDate "2004.05.04"]

1. e4 e5 2. Bc4 Nf6 3. d4 Nc6 4. dxe5 Nxe5 5. Bb3 Bc5 6. Qe2 O-O 7. Nc3 Re8 8. Bg5 h6 9. Bh4 Bb4 10. f3 Bxc3+ 11. bxc3 a5 12. a4 b6 13. Bxf6 Qxf6 14. Qe3 Ba6 15. Ne2 Ng6 16. Rd1 Rad8 17. Kf2 Bxe2 18. Kxe2 d5 19. g3 dxe4 20. fxe4 Ne5 21. Rxd8 Rxd8 22. Qf4 Qd6 23. Rf1 Rd7 24. Kf2 Qc5+ 25. Kg2 Qxc3 26. Rf2 Qc5 27. h4 Qe7 28. Rd2 Rxd2+ 29. Qxd2 Qd7 30. Qe3 Qd6 31. Bd5 Nd7 32. Qf4 Qxf4 33. gxf4 Nc5 34. Bc6 Kf8 35. Kf3 Ke7 36. e5 Na6 37. f5 Nb4 38. Be4 Na6 39. Kf4 Nb4 40. c3 Na2 41. c4 Nc3 42. Bc6 Na2 43. Be4 Nb4 44. h5 Na6 45. Ke3 Nc5 46. Bc6 f6 47. Kd4 fxe5+ 48. Kxe5 Nd3+ 49. Kd4 Nb4 50. Bf3 Kd6 51. Ke4 Nc6 52. Kf4 Nd4 53. Bd5 Ne2+ 0-1

[Event "Djakovo Open"]
[Site "Djakovo"]
[Date "1994.??.??"]
[Round "8"]
[White "Medak, Bojan"]
[Black "Dabo-Peranic, Robert"]
[Result "1/2-1/2"]
[WhiteElo "2255"]
[BlackElo "2270"]
[PlyCount "73"]
[EventDate "1994.11.??"]
[Source "www.chesslib.no"]
[SourceDate "2004.05.04"]

1. e4 e5 2. Bc4 Nf6 3. d4 exd4 4. Nf3 d5 5. exd5 Nxd5 6. Qxd4 Be6 7. O-O Nc6 8. Bb5 Qd7 9. Bxc6 Qxc6 10. c4 Nf6 11. b3 Bc5 12. Qh4 O-O-O 13. Bb2 h6 14. Bxf6 gxf6 15. Nc3 Rhg8 16. Qe4 Bh3 17. Ne1 Rde8 18. Qxc6 bxc6 19. Rd1 Rxe1 20. Rfxe1 Rxg2+ 21. Kh1 Rxf2 22. Re8+ Kb7 23. Rg8 Bd6 24. Ne4 Rxh2+ 25. Kg1 Rxa2 26. Nxd6+ cxd6 27. Rxd6 Rb2 28. Rxf6 Be6 29. Rg3 Kb6 30. Rxh6 Kc5 31. Rh8 a5 32. Ra8 Ra2 33. Rg5+ Kb4 34. Rb8+ Kc3 35. Rc5 a4 36. bxa4 Rxa4 37. Rxc6 1/2-1/2

[Event "ITA-ch44"]
[Site "Arcidosso"]
[Date "1985.??.??"]
[Round "9"]
[White "Lanzani, Mario"]
[Black "Bruno, Fabio"]
[Result "1-0"]
[WhiteElo "2215"]
[BlackElo "2310"]
[PlyCount "93"]
[EventDate "1985.??.??"]
[Source "www.chesslib.no"]
[SourceDate "2004.05.04"]

1. e4 e5 2. Bc4 Nf6 3. d4 exd4 4. Nf3 d5 5. exd5 Bb4+ 6. Kf1 O-O 7. Qxd4 Nbd7 8. Bg5 Bc5 9. Qf4 Bd6 10. Qd2 h6 11. Bh4 Nb6 12. Bb3 Be7 13. Nc3 Nfxd5 14. Bxe7 Nxe7 15. Rd1 Qxd2 16. Rxd2 Ng6 17. Nb5 Bd7 18. Nxc7 Rad8 19. c4 Bc6 20. Nd5 Bxd5 21. cxd5 Ne7 22. g3 Nexd5 23. Kg2 Nf6 24. Rhd1 Rxd2 25. Rxd2 Ne4 26. Re2 Nd6 27. Re7 a5 28. a4 g6 29. Ne5 Kg7 30. f4 Re8 31. Rxe8 Nxe8 32. Bxf7 Nd6 33. Bb3 Ne4 34. Bc2 Nc5 35. b3 g5 36. Nd3 Nxd3 37. Bxd3 Nd5 38. Be4 Ne3+ 39. Kf3 gxf4 40. Kxf4 Nf1 41. Bxb7 Nxh2 42. Ba6 h5 43. Be2 Kh6 44. Kf5 Kg7 45. Kg5 Kf7 46. Bxh5+ Ke6 47. Be2 1-0

[Event "Kots Mem"]
[Site "Donetsk UKR"]
[Date "2008.01.24"]
[Round "7"]
[White "Volovikov, An"]
[Black "Serik, M."]
[Result "1-0"]
[WhiteElo "2234"]
[BlackElo "2282"]
[PlyCount "37"]
[EventDate "2008.01.18"]
[Source "www.chesslib.no"]
[SourceDate "2004.05.04"]

1. e4 e5 2. Bc4 Nf6 3. d4 exd4 4. Nf3 Nxe4 5. Qxd4 Nd6 6. O-O Nc6 7. Re1+ Ne7 8. Bb3 b5 9. Ng5 h6 10. Qxd6 hxg5 11. Qd5 d6 12. Qxa8 c5 13. Bd5 f6 14. Nc3 a6 15. Ne4 Kd7 16. Bd2 Qc7 17. Rad1 Nxd5 18. Qxd5 Bb7 19. Nxc5+ 1-0

[Event "Novi Sad ol (Men)"]
[Site "Novi Sad YUG"]
[Date "1990.??.??"]
[Round "10"]
[White "Reyes Najera, Carlos Antonio"]
[Black "Pergericht, Daniel"]
[Result "1-0"]
[WhiteElo "2240"]
[BlackElo "2275"]
[PlyCount "73"]
[EventDate "1990.11.??"]
[Source "www.chesslib.no"]
[SourceDate "2004.05.04"]

1. e4 e5 2. Bc4 Nf6 3. d4 exd4 4. Nf3 Bb4+ 5. c3 dxc3 6. bxc3 Bc5 7. e5 d5 8. exf6 dxc4 9. Qxd8+ Kxd8 10. fxg7 Re8+ 11. Be3 Bxe3 12. fxe3 Rg8 13. Nbd2 Rxg7 14. O-O Be6 15. Nd4 Nd7 16. Rab1 b6 17. Rb2 Ke7 18. Nf5+ Bxf5 19. Rxf5 Ke6 20. Rf4 Ne5 21. Rb1 Rag8 22. g3 Rg4 23. Rbf1 h5 24. Rf6+ Ke7 25. R6f5 R8g5 26. Rxg5 Rxg5 27. Ne4 Rg6 28. Rf5 Ng4 29. Rxh5 Re6 30. Nf2 Nxe3 31. h4 c6 32. Rh8 Nd5 33. h5 Nxc3 34. h6 Rg6 35. h7 Rxg3+ 36. Kh1 Rg7 37. Re8+ 1-0

[Event "ch-Montenegro"]
[Site "?"]
[Date "2004.07.23"]
[Round "8"]
[White "Kontic Djordjije"]
[Black "Cvorovic Marto"]
[Result "1/2-1/2"]
[WhiteElo "2303"]
[BlackElo "2207"]
[PlyCount "29"]
[EventDate "2004.??.??"]
[Source "www.chesslib.no"]
[SourceDate "2004.05.04"]

1. e4 e5 2. Bc4 Nf6 3. d4 exd4 4. Bg5 h6 5. Bxf6 Qxf6 6. Nf3 Bb4+ 7. Nbd2 d6 8. O-O Bxd2 9. Qxd2 Nc6 10. Bb5 O-O 11. Bxc6 bxc6 12. Nxd4 Bd7 13. c4 a5 14. b3 Rfe8 15. f3 1/2-1/2

[Event "Seefeld Open"]
[Site "Seefeld"]
[Date "1993.??.??"]
[Round "5"]
[White "Lawitsch, Guenther"]
[Black "Misanovic, Vesna"]
[Result "1/2-1/2"]
[WhiteElo "2150"]
[BlackElo "2360"]
[PlyCount "151"]
[EventDate "1993.??.??"]
[Source "www.chesslib.no"]
[SourceDate "2004.05.04"]

1. e4 e5 2. Bc4 Nf6 3. d4 exd4 4. e5 d5 5. Qxd4 dxc4 6. Qxd8+ Kxd8 7. exf6 gxf6 8. Ne2 Bf5 9. Nd4 Be4 10. O-O Rg8 11. f3 Bg6 12. Na3 Bxa3 13. bxa3 c5 14. Nb5 Bxc2 15. Nd6 Nc6 16. Nxb7+ Kc7 17. Nxc5 Nd4 18. Be3 Rad8 19. Rf2 Bf5 20. Rc1 Nc2 21. Rfxc2 Bxc2 22. Rxc2 Rd1+ 23. Kf2 Rb1 24. Nb3 Kb7 25. Nd2 Rh1 26. Nxc4 Rxh2 27. Nd6+ Kb8 28. Kg1 Rh3 29. Rf2 Rh5 30. Rb2+ Ka8 31. Nb5 Rc8 32. Kf2 a6 33. Nd4 Ra5 34. Rb3 h5 35. Kg1 Ra4 36. Kf1 Rcc4 37. Rd3 Ra5 38. Ke2 h4 39. Rb3 Rc8 40. Kd3 Rg8 41. Bd2 Rc5 42. Rb6 Rxg2 43. Rxa6+ Kb7 44. Rxf6 Rh5 45. Rxf7+ Ka6 46. Rf6+ Kb7 47. Rf7+ Ka6 48. a4 h3 49. Rf6+ Kb7 50. Rf7+ Ka6 51. Rf6+ Kb7 52. a5 h2 53. a6+ Kc8 54. Rf8+ Kd7 55. Rf7+ Ke8 56. a7 Kxf7 57. a8=Q h1=Q 58. Qb7+ Kg8 59. Qb3+ Kh7 60. Qb7+ Rg7 61. Qe4+ Kh8 62. Bc3 Qd1+ 63. Ke3 Qg1+ 64. Kd3 Qd1+ 65. Ke3 Qc1+ 66. Kd3 Qd1+ 67. Ke3 Qc1+ 68. Kd3 Rc5 69. Ne2 Rxc3+ 70. Nxc3 Rd7+ 71. Nd5 Qd1+ 72. Kc4 Qa4+ 73. Kc5 Qa7+ 74. Kc6 Qb7+ 75. Kc5 Qa7+ 76. Kc6 1/2-1/2

[Event "Zagreb op"]
[Site "Zagreb"]
[Date "1997.??.??"]
[Round "8"]
[White "Medak, Bojan"]
[Black "Kapic, Ibrahim"]
[Result "1/2-1/2"]
[WhiteElo "2210"]
[BlackElo "2300"]
[PlyCount "65"]
[EventDate "1997.??.??"]
[Source "www.chesslib.no"]
[SourceDate "2004.05.04"]

1. e4 e5 2. Bc4 Nf6 3. d4 exd4 4. Nf3 d5 5. exd5 Bb4+ 6. c3 Qe7+ 7. Qe2 Qxe2+ 8. Kxe2 dxc3 9. Nxc3 O-O 10. Rd1 a6 11. Kf1 Bg4 12. h3 Bxf3 13. gxf3 Nbd7 14. a3 Bd6 15. Be2 Rfe8 16. Be3 Re7 17. Rac1 Rae8 18. b4 Kf8 19. Rc2 Re5 20. Rd3 Nb6 21. f4 R5e7 22. Rd4 Ne4 23. Nxe4 Rxe4 24. Rd3 Nd7 25. Bf3 R4e7 26. Bc5 Rd8 27. Be3 Nf6 28. Rc4 Ra8 29. Rb3 Rd8 30. Rd3 Red7 31. Rdc3 Re7 32. Rb3 Ra8 33. a4 1/2-1/2

[Event "HUN-chT1 9596"]
[Site "HUN"]
[Date "1996.??.??"]
[Round "7"]
[White "Tamas, Norbert"]
[Black "Kovacs, Gabor 2"]
[Result "1-0"]
[WhiteElo "2195"]
[BlackElo "2305"]
[PlyCount "59"]
[EventDate "1995.??.??"]
[Source "www.chesslib.no"]
[SourceDate "2004.05.04"]

1. e4 e5 2. Bc4 Nf6 3. d4 Nxe4 4. dxe5 c6 5. Qe2 Nc5 6. Nc3 b5 7. Bb3 a5 8. a3 Ba6 9. Qf3 Nxb3 10. cxb3 Qe7 11. Bf4 d5 12. Nge2 g6 13. O-O Bg7 14. Rfe1 O-O 15. Nd4 Bb7 16. Qg3 b4 17. Na4 Re8 18. Re3 c5 19. Bg5 cxd4 20. Bxe7 dxe3 21. Bd6 exf2+ 22. Qxf2 Nd7 23. Nb6 Nxb6 24. Qxb6 Ba6 25. axb4 Re6 26. Rxa5 Bxe5 27. Rxa6 Rxa6 28. Qb8+ Kg7 29. Bxe5+ f6 30. Bd4 1-0

[Event "Sautron"]
[Site "?"]
[Date "2001.08.??"]
[Round "7"]
[White "Cousigne Frederic"]
[Black "Crouan Stephane"]
[Result "1/2-1/2"]
[WhiteElo "2217"]
[BlackElo "2276"]
[PlyCount "24"]
[EventDate "2001.??.??"]
[Source "www.chesslib.no"]
[SourceDate "2004.05.04"]

1. e4 e5 2. Bc4 Nf6 3. d4 exd4 4. Nf3 d6 5. Ng5 d5 6. exd5 Bb4+ 7. c3 Qe7+ 8. Qe2 Qxe2+ 9. Kxe2 dxc3 10. Nxc3 O-O 11. Bf4 c6 12. dxc6 Nxc6 1/2-1/2

[Event "AUT-chT 9596"]
[Site "Austria"]
[Date "1996.??.??"]
[Round "?"]
[White "Woeber, Friedrich"]
[Black "Grabher, Heinz"]
[Result "1/2-1/2"]
[WhiteElo "2225"]
[BlackElo "2260"]
[PlyCount "39"]
[EventDate "1995.??.??"]
[Source "ChessBase"]

1. e4 e5 2. Bc4 Nf6 3. d4 Nxe4 4. dxe5 c6 5. Qe2 Nc5 6. Nc3 Be7 7. Bf4 Ne6 8. Bg3 c5 9. Nf3 Nc6 10. O-O-O Qa5 11. Nb5 O-O 12. Nd6 Bxd6 13. exd6 b5 14. Bd5 Bb7 15. Qe4 Rae8 16. Rhe1 c4 17. Ng5 g6 18. Bxe6 fxe6 19. Re3 Rf5 20. Ra3 1/2-1/2

[Event "URU-ch sf-D"]
[Site "?"]
[Date "2003.04.27"]
[Round "4"]
[White "Ulaneo Ruben"]
[Black "Barboza Mauro"]
[Result "0-1"]
[WhiteElo "2274"]
[BlackElo "2208"]
[PlyCount "106"]
[EventDate "2003.??.??"]
[Source "www.chesslib.no"]
[SourceDate "2004.05.04"]

1. e4 e5 2. Bc4 Nf6 3. d4 Nc6 4. dxe5 Nxe5 5. Bb3 Bc5 6. Nf3 Qe7 7. Nc3 d6 8. O-O Bg4 9. Bg5 c6 10. h3 Nxf3+ 11. gxf3 Bxh3 12. Re1 O-O-O 13. Na4 Qe5 14. f4 Qe7 15. Nxc5 dxc5 16. Qf3 Be6 17. e5 c4 18. Bxc4 Bxc4 19. exf6 Qf8 20. Qc3 gxf6 21. Bh4 Rg8+ 22. Bg3 Bd5 23. Qxf6 Rg6 24. Qf5+ Kb8 25. c4 Rxg3+ 26. fxg3 Qc5+ 27. Kh2 Qf2+ 28. Kh3 Qg2+ 29. Kh4 Rg8 30. Rg1 Qh2+ 31. Qh3 Qxb2 32. Qf5 Qh2+ 33. Qh3 Rg4+ 34. Kxg4 Be6+ 35. f5 Bxf5+ 36. Kxf5 Qxh3+ 37. Ke4 Qg4+ 38. Kd3 c5 39. Rac1 Qd4+ 40. Ke2 Qb2+ 41. Kf3 Qxa2 42. Rge1 a5 43. Rc3 a4 44. Re8+ Ka7 45. Re2 Qa1 46. Ree3 Kb6 47. Ke4 Ka5 48. Kd5 Kb4 49. Rcd3 Qc1 50. Re4 a3 51. Ree3 Qxc4+ 52. Ke5 a2 53. Rd1 a1=Q+ 0-1

[Event "Graz Open"]
[Site "Graz AUT"]
[Date "1995.??.??"]
[Round "5"]
[White "Kiss, Laszlo"]
[Black "Nickl, Klaus"]
[Result "1-0"]
[WhiteElo "2270"]
[BlackElo "2200"]
[PlyCount "133"]
[EventDate "1995.09.??"]
[Source "www.chesslib.no"]
[SourceDate "2004.05.04"]

1. e4 e5 2. Bc4 Nf6 3. d4 Nc6 4. dxe5 Nxe5 5. Bb3 Bb4+ 6. c3 Bc5 7. f4 Neg4 8. Nh3 d6 9. Qf3 O-O 10. Nd2 Be3 11. Nc4 Bxc1 12. Rxc1 Nxe4 13. Qxe4 Re8 14. Ne5 dxe5 15. Ng5 Nf6 16. Bxf7+ Kh8 17. Bxe8 Qxe8 18. Qxe5 Qc6 19. O-O Bd7 20. Qd4 Be8 21. Rce1 h6 22. Ne4 Ng8 23. Rf3 Bf7 24. Rg3 Qb6 25. Qxb6 axb6 26. a3 Rd8 27. h3 Rd7 28. f5 Bb3 29. Re2 Rf7 30. f6 gxf6 31. Nd2 Ba4 32. Nf3 Bd7 33. Nh4 Kh7 34. Rf3 Ne7 35. Rxf6 Rg7 36. Kh2 Nd5 37. Rf8 Bc6 38. c4 Ne7 39. Nf5 Nxf5 40. Rxf5 Bd7 41. Rfe5 Rf7 42. Re7 Kg7 43. g4 Kf8 44. Rxf7+ Kxf7 45. Kg3 Be6 46. Rxe6 Kxe6 47. Kf4 Kf6 48. b4 Kg6 49. h4 Kf6 50. Ke4 c6 51. Kf4 Ke6 52. g5 h5 53. Ke4 c5 54. b5 Kf7 55. Kf5 Kg7 56. g6 Kh6 57. a4 Kg7 58. Kg5 Kg8 59. Kxh5 Kg7 60. Kg5 Kg8 61. Kf6 Kh8 62. g7+ Kg8 63. h5 Kh7 64. Kf7 Kh6 65. g8=Q Kxh5 66. Qg3 Kh6 67. Qg6# 1-0

[Event "Budapest FS08 IM-A"]
[Site "Budapest"]
[Date "2002.08.07"]
[Round "5"]
[White "Pitschka, Klaus"]
[Black "Vrona, Mihail"]
[Result "1-0"]
[WhiteElo "2287"]
[BlackElo "2181"]
[PlyCount "69"]
[EventDate "2002.08.03"]
[Source "ChessBase"]
[SourceDate "2002.09.11"]

1. e4 e5 2. Bc4 Nf6 3. d4 exd4 4. Nf3 Bb4+ 5. c3 dxc3 6. bxc3 d5 7. Qa4+ c6 8. Qxb4 dxc4 9. Ba3 Na6 10. Qxc4 Be6 11. Qe2 c5 12. Ng5 Qc8 13. O-O O-O 14. e5 Ne8 15. Nd2 Nec7 16. Nde4 h6 17. Nd6 Qd7 18. Nge4 Qc6 19. f4 Bd5 20. Rae1 Bxe4 21. Nxe4 Nb5 22. Bc1 Rfe8 23. a4 Nbc7 24. Nd6 Rf8 25. Qg4 Ne8 26. Nxe8 Rfxe8 27. f5 Kh8 28. f6 Rg8 29. Qh5 Kh7 30. Rf3 Qc8 31. Rh3 Qf8 32. Qf5+ g6 33. Qg5 Rh8 34. Rxh6+ Kg8 35. Rxg6+ 1-0

[Event "Troll Masters"]
[Site "Gausdal"]
[Date "2000.01.16"]
[Round "9"]
[White "Rasmussen, Peter"]
[Black "Christenson, Flemming"]
[Result "1/2-1/2"]
[WhiteElo "2245"]
[BlackElo "2223"]
[PlyCount "50"]
[EventDate "2000.01.10"]
[Source "ChessBase"]
[SourceDate "2000.03.10"]

1. e4 e5 2. Bc4 Nf6 3. d4 exd4 4. Nf3 Bb4+ 5. c3 dxc3 6. bxc3 Bc5 7. e5 d5 8. exf6 dxc4 9. Qa4+ Qd7 10. Qxc4 Qe6+ 11. Qxe6+ Bxe6 12. fxg7 Rg8 13. Bh6 Nd7 14. Nbd2 f6 15. Ne4 Kf7 16. Nxc5 Nxc5 17. O-O Bc4 18. Rab1 b5 19. Nd4 a6 20. Bf4 Ne6 21. Nxe6 Bxe6 22. Bxc7 Rac8 23. Ba5 Bd7 24. Rfe1 Rxg7 25. Bb4 Re8 1/2-1/2

[Event "Halle (20.08.-26.08)"]
[Site "?"]
[Date "2000.08.20"]
[Round "1.2"]
[White "Heil Siegfried"]
[Black "Breustedt Werner"]
[Result "1/2-1/2"]
[WhiteElo "2305"]
[BlackElo "2159"]
[PlyCount "26"]
[EventDate "2000.??.??"]
[Source "www.chesslib.no"]
[SourceDate "2004.05.04"]

1. e4 e5 2. Bc4 Nf6 3. d4 exd4 4. Nf3 Be7 5. e5 Ne4 6. Qxd4 Nc5 7. Nc3 O-O 8. Be3 Nc6 9. Qd2 Ne6 10. Ne4 Rb8 11. Rd1 b5 12. Bd5 Qe8 13. O-O Nb4 1/2-1/2

[Event "ITA-ch44"]
[Site "Arcidosso"]
[Date "1985.??.??"]
[Round "2"]
[White "Lanzani, Mario"]
[Black "Gervasi, Giancarlo"]
[Result "1/2-1/2"]
[WhiteElo "2215"]
[BlackElo "2245"]
[PlyCount "48"]
[EventDate "1985.??.??"]
[Source "www.chesslib.no"]
[SourceDate "2004.05.04"]

1. e4 e5 2. Bc4 Nf6 3. d4 exd4 4. Nf3 Nxe4 5. Qxd4 Nf6 6. Bg5 Be7 7. Nc3 c6 8. O-O-O d5 9. Rhe1 Be6 10. Bd3 Nbd7 11. Qh4 c5 12. Ne5 Nxe5 13. Rxe5 d4 14. f4 Nd7 15. Bb5 Bxg5 16. fxg5 Qc7 17. Rxe6+ fxe6 18. g6 h6 19. Rf1 Rf8 20. Re1 Qd6 21. Ne4 Qf4+ 22. Qxf4 Rxf4 23. Nxc5 O-O-O 24. Nxe6 Re8 1/2-1/2

[Event "Berlin op"]
[Site "Berlin West"]
[Date "1984.??.??"]
[Round "9"]
[White "Pitschka, Claus"]
[Black "Suer, Nevzat"]
[Result "0-1"]
[WhiteElo "2200"]
[BlackElo "2245"]
[PlyCount "56"]
[EventDate "1984.08.??"]
[Source "ChessBase"]

1. e4 e5 2. Bc4 Nf6 3. d4 d5 4. dxe5 dxc4 5. Qxd8+ Kxd8 6. exf6 gxf6 7. Bf4 Bb4+ 8. Nc3 Bxc3+ 9. bxc3 Bd7 10. O-O-O Re8 11. f3 Kc8 12. Ne2 b6 13. Ng3 a5 14. Rd5 b5 15. Rh5 b4 16. Rxh7 Be6 17. h4 Na6 18. h5 Rb8 19. h6 b3 20. cxb3 cxb3 21. axb3 Nc5 22. Ne2 Nxb3+ 23. Kc2 a4 24. Nc1 a3 25. Na2 Rd8 26. c4 Nd4+ 27. Kc3 Ne2+ 28. Kc2 Rb2# 0-1

[Event "Najdorf op"]
[Site "Buenos Aires"]
[Date "2002.09.29"]
[Round "8.18"]
[White "Bustamante, Oscar"]
[Black "Utman, Carlos"]
[Result "0-1"]
[WhiteElo "2160"]
[BlackElo "2277"]
[PlyCount "69"]
[EventDate "2002.09.23"]
[Source "ChessBase"]
[SourceDate "2002.11.06"]

1. e4 e5 2. Bc4 Nf6 3. d4 exd4 4. Nf3 Nxe4 5. Qxd4 Nf6 6. Bg5 Be7 7. Nc3 Nc6 8. Qh4 d6 9. O-O-O Be6 10. Bb5 Nd7 11. Rhe1 h6 12. Bxe7 Qxe7 13. Nd5 Qd8 14. g3 Rc8 15. Rxe6+ fxe6 16. Qh5+ Kf8 17. Nf4 Qf6 18. Re1 Nde5 19. Bxc6 Nxc6 20. Rxe6 Qf7 21. Qh3 Kg8 22. Rg6 Re8 23. Qg4 Ne5 24. Nxe5 Rxe5 25. h4 Kh7 26. f3 Rhe8 27. b3 R8e7 28. a4 a5 29. Kb2 d5 30. Qc8 c6 31. Ka2 d4 32. Qh3 Re3 33. Qg4 c5 34. h5 c4 35. Rb6 0-1

[Event "VII Camp. europeo senior"]
[Site "Hockenheim GER"]
[Date "2007.06.09"]
[Round "8.24"]
[White "Villing, Dieter"]
[Black "Rosino, Antonio"]
[Result "0-1"]
[WhiteElo "2160"]
[BlackElo "2275"]
[PlyCount "105"]
[EventDate "2007.06.02"]
[Source "www.chesslib.no"]
[SourceDate "2004.05.04"]

1. e4 e5 2. Bc4 Nf6 3. d4 exd4 4. Nf3 Nxe4 5. Qxd4 Nf6 6. Nc3 Nc6 7. Qh4 Be7 8. Bg5 d6 9. O-O-O Be6 10. Rhe1 Qd7 11. Bb5 a6 12. Ba4 b5 13. Bb3 Bxb3 14. axb3 O-O-O 15. Nd4 Rde8 16. Kb1 h6 17. Bc1 Bd8 18. Nxc6 Qxc6 19. Qg3 Rxe1 20. Rxe1 Re8 21. Rxe8 Nxe8 22. Qg4+ Kb7 23. Qh5 Qd7 24. Be3 Nf6 25. Qf3+ d5 26. Bd4 c6 27. Qg3 g5 28. f3 Qe6 29. Ka2 Nd7 30. Qf2 Be7 31. Nb1 c5 32. Bc3 Nb8 33. Qe1 Nc6 34. Qxe6 fxe6 35. Bg7 h5 36. Nd2 Kc7 37. Kb1 Kd7 38. Bh6 Ke8 39. f4 g4 40. Bg5 Bd6 41. Nf1 Kf7 42. Ne3 Kg6 43. h3 gxh3 44. gxh3 Nd4 45. h4 Ne2 46. f5+ exf5 47. Nxd5 f4 48. c3 f3 49. Be3 Bg3 50. Bxc5 Bxh4 51. Ne3 Bf2 52. b4 Bxe3 53. Bxe3 0-1